| 000 | 01401 a2200217 4500 | ||
|---|---|---|---|
| 003 | MN-UlNLM | ||
| 005 | 20220726110125.0 | ||
| 008 | a130t2007 mp ||||| |||| 00| 0 mon d | ||
| 040 | _aМонгол Улсын Үндэсний номын сан | ||
| 084 |
_a82.3(5Мон) _2NNA _bМ 692 _q82 |
||
| 245 | 0 | _aМонгол ардын домог | |
| 260 | 1 |
_aУБ _bИх билигт _c2007 |
|
| 300 | _a119х | ||
| 490 |
_aТүүхэн домог _vЦувр. 1 |
||
| 546 | _aMongolia | ||
| 653 |
_aАрдын аман зохиол, утга зохиол _aМонгол ардын аман зохиол |
||
| 740 |
_aАвтай сайн хаан. _aСайхан Дондовын домог. _aДархад нутгийн домгоос. _aАмарсанаа, Чингүнжав нарын тухай домог. _aХалхын дөрвөн хан цол авсан нь. _aБүүвэй баатрын домог. _aХишигбат заргач. _aУндрах захирагч. _aХялар хатны домог. _aАшиг зангийн домог. _aБааштай хүн. _aЦэцэн хүү хэрэг шийдсэн нь. _aАлтай хангай нутагтай. _aАлтай хангай нутагтай Арын бүдүүн хар домог. _aҮнэний тухай домог. _aДөрвөлжин бурам. _aСувдан гутал. |
||
| 856 | _aprintbook | ||
| 942 | _cBK | ||
| 999 |
_c67384 _d67384 |
||